000 01040nam a2200205 a 4500
001 000025570
005 20200930023902.0
008 110217s1972 sp r 000 0 spa d
040 _aDO-SdBNP
_bspa
_cBNPHU
082 _aNNN
_bH673
245 0 1 _aHistoria del viejo oeste /
_ctraducción, selección y prólogo Juan Tébar.
260 _aMadrid :
_bDoncel,
_c1972.
300 _a249, [6] p. ;
_c18 cm.
490 1 _aLibro joven de bolsillo
_v33
500 _aIncluye referencias bibliográficas y notas al pie de las páginas
505 0 _tHistoria de un correo a caballo /
_rCharles Dickens.
_tLos expulsados de Poker Flat,
_tLa tarjeta comercial de Dick Boyle /
_rFrancis Bret Harte.
_tLa historia del californiano /
_rMark Twain.
_tEl impostor,
_tLe último de los trovadores /
_rO' Henry.
_tLa ley de la vida,
_tUn hombre digno de confianza,
_tLa hoguera /
_rJack London.
_tEl hotel azul,
_tLa novia llega a Yellow Sky /
_rStephen Crane.
700 1 _aTébar, Juan
_epról.
_921391
830 0 _aLibro joven de bolsillo ;
_v33
_912847
049 _aBNGR
999 _c25062
_d25062